| Tag |
First Indicator |
Second Indicator |
Subfields |
| LEADER |
00000cas a2200000 a 4500 |
| 001 |
in00000001685 |
| 008 |
981029c199u9999mduar f0 0eng d |
| 005 |
20230309222536.6 |
| 010 |
|
|
|a 00230178
|
| 035 |
|
|
|a (OCoLC)ocm41399006
|
| 035 |
|
|
|9 AJC4177AM
|
| 035 |
|
|
|a in00000001685
|
| 040 |
|
|
|a PLF
|c PLF
|d GPO
|d MvI
|d UtOrBLW
|
| 042 |
|
|
|a lcd
|
| 043 |
|
|
|a n-us---
|
| 049 |
|
|
|a UDOC
|
| 049 |
|
|
|a WWW
|
| 074 |
|
|
|a 0517-B
|
| 074 |
|
|
|a 0517-B (online)
|
| 086 |
0 |
|
|a SSA 1.2:F 98/
|
| 245 |
0 |
4 |
|a The future of social security.
|
| 264 |
|
1 |
|a [Baltimore, Md.] :
|b Social Security Administration.
|
| 300 |
|
|
|a volumes :
|b illustrations ;
|c 22 cm.
|
| 310 |
|
|
|a Annual
|
| 336 |
|
|
|a text
|b txt
|2 rdacontent
|
| 337 |
|
|
|a unmediated
|b n
|2 rdamedia
|
| 338 |
|
|
|a volume
|b nc
|2 rdacarrier
|
| 490 |
1 |
|
|a SSA publication ;
|v no. 05-10055
|
| 500 |
|
|
|a Address: Social Security Administration, 6401 Security Blvd., Baltimore, MD 21235.
|
| 500 |
|
|
|a Description based on: July 1999; title from cover.
|
| 500 |
|
|
|a Shipping list number: 99-0023-P.
|
| 500 |
|
|
|a "October 1998"--P. [9].
|
| 500 |
|
|
|a "ICN 462560"--P. [9].
|
| 530 |
|
|
|a Current issue also available via Internet from the SSA web site. Address as of 1/14/00: http://www.ssa.gov/pubs/10055.html; current access is available via PURL.
|
| 580 |
|
|
|a Also issued in Spanish: El futuro del seguro social.
|
| 650 |
|
0 |
|a Social security
|z United States
|v Periodicals.
|
| 650 |
|
0 |
|a Social security
|z United States
|x Planning
|v Periodicals.
|
| 775 |
1 |
|
|t Future of social security. Spanish. El futuro del seguro social
|
| 710 |
1 |
|
|a United States.
|b Social Security Administration.
|
| 830 |
|
0 |
|a SSA publication ;
|v no. 05-10055.
|
| 856 |
4 |
1 |
|u https://purl.fdlp.gov/GPO/LPS3900
|t 0
|
| 999 |
|
|
|a MARS
|
| 999 |
f |
f |
|i f47c1d8d-c633-3e2a-994b-b12d6a28f415
|s f8eb0a5e-d266-3f20-8efd-9dd9d0e089d4
|t 0
|
| 952 |
f |
f |
|a Texas A&M University
|b College Station
|c Electronic Resources
|d Available Online
|t 0
|e SSA 1.2:F 98/
|h Superintendent of Documents classification
|
| 998 |
f |
f |
|a SSA 1.2:F 98/
|t 0
|l Available Online
|